[Event "RUS-Cup1 Chigorin mem"]
[Site "St Petersburg"]
[Date "1996.??.??"]
[Round "2"]
[White "Vysochin, Spartak"]
[Black "Yudasin, Leonid"]
[Result "1/2-1/2"]
[WhiteElo "2480"]
[BlackElo "2595"]

1.e4 c5 2.Nf3 d6 3.c3 Nf6 4.Bc4 Nc6 5.Qe2 Bg4 6.h3 Bh5 7.d3 e6 8.g4 Bg6 9.g5 Nd7
10.Nh4 Be7 11.Rg1 Nb6 12.f4 Nxc4 13.dxc4 f6 14.gxf6 gxf6 15.Nxg6 hxg6 16.Rxg6 Rxh3
17.Qg2 Rh8 18.Be3 Qd7 19.Na3 O-O-O 20.O-O-O Qe8 21.Qg4 Qf7 22.Rg1 f5 23.exf5 exf5
24.Qg2 Bf8 25.Rg8 Rxg8  1/2-1/2

[Event "Petrov mem"]
[Site "St Petersburg"]
[Date "1996.??.??"]
[Round "4"]
[White "Poluljahov, Aleksandr"]
[Black "Yudasin, Leonid"]
[Result "0-1"]
[WhiteElo "2480"]
[BlackElo "2635"]

1.e4 c5 2.d3 Nc6 3.f4 g6 4.Nf3 Bg7 5.g3 e6 6.Bg2 Nge7 7.O-O O-O 8.c3 b6 9.Be3 Ba6
10.Bf2 Rc8 11.Na3 d6 12.Re1 b5 13.Nc2 Qc7 14.a3 Bb7 15.g4 a5 16.Qd2 f5 17.h3 e5
18.fxe5 Nxe5 19.Nxe5 dxe5 20.Qe2 f4 21.Red1 Rfd8 22.g5 Rd6 23.Rac1 Ba6 24.Ne1 Rcd8
25.b4 cxb4 26.cxb4 Nc6 27.Bc5 R6d7 28.Qa2+ Kh8 29.Bf3 Bc8 30.Kh2 axb4 31.axb4 Qb7
32.Bg4 Rf7 33.Bxc8 Rxc8 34.Nf3 Qd7 35.Qb3 Qe8 36.Ra1 Bf8 37.Rac1 Rfc7 38.Qb2 Bg7
39.Ra1 Nxb4 40.Qxb4 Rxc5 41.Ra7 Bf8 42.Qb3 Rc2+ 43.Rd2 Rxd2+ 44.Nxd2 Bc5
45.Rb7 Rb8 46.Rxb8 Qxb8 47.Nf3 Bf8 48.Qe6 Bg7 49.Kg2 b4 50.Qb3 Qf8 51.Qc4 Qb8
52.Qb3 Bf8 53.Qe6 Bd6 54.Nd2 Qd8 55.Nf3 Qe7 56.Qd5 Kg7 57.h4 Bc7 58.d4 exd4
59.Qxd4+ Kg8 60.Qc4+ Kf8 61.Qd4 Ke8 62.e5 Qe6 63.Qxf4 b3 64.Qa4+ Kf7 65.Qb5 Bd8
66.Kg3 Qb6 67.Qd5+ Kf8 68.Nd4 b2 69.Ne6+ Ke8 70.Nc5 Be7 71.Qd7+ Kf8 72.Qc8+ Kf7
73.e6+ Kg7 74.Qe8 Qxc5  0-1

[Event "RUS-Cup1 Chigorin mem"]
[Site "St Petersburg"]
[Date "1996.??.??"]
[Round "5"]
[White "Yudasin, Leonid"]
[Black "Malisauskas, Vidmantas"]
[Result "1-0"]
[WhiteElo "2595"]
[BlackElo "2525"]

1.e4 c6 2.d4 d5 3.e5 Bf5 4.Nf3 e6 5.Be2 Nd7 6.O-O Ne7 7.Nh4 c5 8.c3 Qb6 9.Na3 a6
10.dxc5 Qxc5 11.Be3 Qc7 12.c4 Be4 13.f3 Nf5 14.Bf2 Nxh4 15.fxe4 Bc5 16.cxd5 O-O
17.Rc1 Bxf2+ 18.Rxf2 Qxe5 19.g3 Qg5 20.Rc7 Ne5 21.Rxb7 Rac8 22.Nc2 exd5 23.exd5 Rc5
24.d6 Rd8 25.d7 h6 26.Bxa6 Qg6 27.Nb4 Ra5 28.Bf1 Ng4 29.Rf4 Ne3 30.Qd4 Nxf1
31.Rxf1 Rf5 32.Rxf5 Nxf5 33.Qf4 Qh5 34.g4 Qh4 35.Qxf5 Qe1+ 36.Kg2 Qe2+ 37.Kg3 Qe1+
38.Qf2 Qe5+ 39.Kg2 h5 40.Nd3  1-0

[Event "Petrov mem"]
[Site "St Petersburg"]
[Date "1996.??.??"]
[Round "6"]
[White "Yudasin, Leonid"]
[Black "Rublevsky, Sergei"]
[Result "1/2-1/2"]
[WhiteElo "2635"]
[BlackElo "2610"]

1.e4 c5 2.Nf3 e6 3.Nc3 a6 4.d4 cxd4 5.Nxd4 Qc7 6.Bd3 Nf6 7.O-O Bc5 8.Nb3 Be7
9.f4 d6 10.Qf3 b5 11.f5 Nbd7 12.Qg3 b4 13.fxe6 fxe6 14.Ne2 O-O 15.Be3 Ne5
16.Nbd4 Bd7 17.a3 Qb7 18.Nf4 Nxe4 19.Bxe4 Qxe4 20.Ndxe6 Bxe6 21.Nxe6 Rxf1+
22.Rxf1 Ng4 23.Bg5 Qxe6  1/2-1/2

[Event "RUS-Cup1 Chigorin mem"]
[Site "St Petersburg"]
[Date "1996.??.??"]
[Round "6"]
[White "Ionov, Sergey"]
[Black "Yudasin, Leonid"]
[Result "1/2-1/2"]
[WhiteElo "2490"]
[BlackElo "2595"]

1.d4 Nf6 2.c4 e6 3.Nf3 b6 4.g3 Ba6 5.b3 d5 6.cxd5 Bb4+ 7.Bd2 Bxd2+ 8.Qxd2 Nxd5
9.Bg2 Nd7 10.O-O O-O 11.Rd1 Bb7 12.Nc3 c5 13.dxc5 Nxc5 14.b4 Nxc3 15.Qxc3 Ne4
16.Qe3 Qe7  1/2-1/2

[Event "RUS-Cup1 Chigorin mem"]
[Site "St Petersburg"]
[Date "1996.??.??"]
[Round "8"]
[White "Fedorov, Alexei"]
[Black "Yudasin, Leonid"]
[Result "1/2-1/2"]
[WhiteElo "2555"]
[BlackElo "2595"]

1.e4 c5 2.Nf3 e6 3.d3 Nc6 4.g3 g6 5.Bg2 Bg7 6.O-O Nge7 7.Nc3 d6 8.Be3 Nd4
9.Ne1 h5 10.Qd2 h4 11.Nd1 e5 12.c3 Ndc6 13.f4 hxg3 14.hxg3 exf4 15.gxf4 Bh3
16.Nf2 Bxg2 17.Kxg2 Qd7 18.Nf3 O-O-O 19.Rh1 f5 20.Rxh8 Rxh8 21.Rh1 Rxh1 22.Kxh1 b6
23.Qc2 fxe4 24.dxe4 d5 25.Kg2 dxe4 26.Qxe4 Kc7 27.Ng5 Nd8 28.f5 Qd5  1/2-1/2

[Event "Tel Aviv Cup rapid"]
[Site "Tel Aviv"]
[Date "1996.??.??"]
[Round "2"]
[White "Mikhalevski, Victor"]
[Black "Yudasin, Leonid"]
[Result "1-0"]
[WhiteElo "2495"]
[BlackElo "2635"]

1.d4 Nf6 2.c4 e6 3.Nf3 b6 4.Nc3 Bb4 5.Bg5 Bb7 6.e3 h6 7.Bh4 Bxc3+ 8.bxc3 Qe7
9.Nd2 e5 10.Bd3 exd4 11.cxd4 g5 12.Bg3 Bxg2 13.Rg1 Bb7 14.Bxc7 Nc6 15.Be5  1-0

[Event "Tel Aviv Cup rapid"]
[Site "Tel Aviv"]
[Date "1996.??.??"]
[Round "2"]
[White "Mikhalevski, Victor"]
[Black "Yudasin, Leonid"]
[Result "1/2-1/2"]
[WhiteElo "2495"]
[BlackElo "2635"]

1.d4 Nf6 2.c4 e6 3.Nf3 b6 4.Nc3 Bb7 5.a3 d5 6.Bg5 Be7 7.Qa4+ c6 8.Bxf6 Bxf6
9.cxd5 exd5 10.g3 O-O 11.Bg2 Nd7 12.O-O Re8 13.Rad1 a5 14.Qc2 b5 15.Rfe1 Nb6
16.Nb1 Nc4 17.Nbd2 Qb6 18.Nb3 a4 19.Nc1 Bc8 20.e3 g6 21.Na2 Bf5 22.Qc1 Rab8
23.Nb4 Rbd8 24.Nd2 Bg4 25.Nxc4 bxc4 26.Rd2 h5 27.Rf1 Bf5 28.Qd1 Ra8 29.Re1 Kg7
30.h4 Qc7 31.Na2 Bg4 32.Bf3  1/2-1/2

[Event "Yerevan ol (Men)"]
[Site "Yerevan"]
[Date "1996.??.??"]
[Round "2"]
[White "Oll, Lembit"]
[Black "Yudasin, Leonid"]
[Result "1/2-1/2"]
[WhiteElo "2620"]
[BlackElo "2595"]

1.e4 c5 2.Nf3 d6 3.d4 cxd4 4.Nxd4 Nf6 5.Nc3 a6 6.Be2 e6 7.a4 b6 8.Bf3 Nfd7
9.e5 Ra7 10.exd6 Ne5 11.Ne4 Nxf3+ 12.Nxf3 Bb7 13.Qe2 Bxe4 14.Qxe4 Bxd6 15.Be3 Bc5
16.a5 Nd7 17.O-O Bxe3 18.Qxe3 O-O 19.b3 Rb7 20.axb6 Qxb6 21.Qxb6 Rxb6 22.Rfd1 Nf6
23.Ne5 Rc8 24.Ra4 Kf8 25.Rc4 Rxc4 26.Nxc4 Rc6 27.Rd8+ Ke7 28.Ra8 Nd5 29.Ra7+ Nc7  1/2-1/2

[Event "Yerevan ol (Men)"]
[Site "Yerevan"]
[Date "1996.??.??"]
[Round "4"]
[White "Yudasin, Leonid"]
[Black "Iuldachev, Saidali"]
[Result "1/2-1/2"]
[WhiteElo "2595"]
[BlackElo "2515"]

1.e4 c6 2.d4 d5 3.exd5 cxd5 4.c4 Nf6 5.Nc3 e6 6.Nf3 Bb4 7.cxd5 Nxd5 8.Bd2 Nc6
9.Bd3 Be7 10.O-O O-O 11.Qe2 Ndb4 12.Be4 Nxd4 13.Nxd4 Qxd4 14.Be3 Qe5 15.Qf3 a5
16.Rad1 Nc6 17.Rfe1 Qf6 18.Qh5 h6 19.Qb5 Bb4 20.Bb1 Qe5 21.Qd3 Qf5 22.Qe2 Qe5
23.f4 Qb8 24.a3 Be7 25.Na4 Qc7 26.Qc2 g6 27.f5 exf5 28.Nb6 Be6 29.Nxa8 Rxa8
30.Bxh6 Bf6 31.Be3 Kg7 32.Qf2 Rh8 33.Bf4 Qc8 34.Rd2 Bh4 35.Bg3 Bg5 36.Bf4 Bh4
37.Bg3 Bg5 38.Rd6 Be7 39.Rdd1 Bf6 40.Bd6 Rh4 41.Rd2 Bg5 42.Rdd1 Bf6 43.Bg3 Rh5
44.Rd2 Bg5 45.Rc2 Qd8 46.b4 axb4 47.axb4 Nxb4 48.Rc7 Nd5 49.Rxb7 Bc8 50.Be5+ Bf6
51.Bxf6+ Qxf6 52.Rb8 Be6 53.Ba2 Rh4 54.Rb7 Ra4 55.Ra7 Rxa7 56.Qxa7 Nf4 57.Bxe6 Nxe6
58.Qe3 Qd4 59.Qxd4+ Nxd4 60.Kf2 Kf6 61.Re8 Ne6 62.Ke3 Ke5 63.Re7 Kf6 64.Ra7 Kg7
65.Ra2 Kf6 66.Kd3 Kg7 67.Kc4 Ng5 68.Kd4 Nh7 69.Ke5 Nf6 70.Kd6 Ng4 71.h3 Nf6
72.Ra6 Ng8 73.Ke5 Kh6 74.Kf4 Kg7 75.Kg5 Nh6 76.h4 Ng4 77.h5 f6+ 78.Kf4 gxh5
79.Kxf5 Ne3+ 80.Ke4 Nxg2 81.Ra1 Nh4 82.Rh1  1/2-1/2

[Event "Yerevan ol (Men)"]
[Site "Yerevan"]
[Date "1996.??.??"]
[Round "10"]
[White "Timman, Jan H"]
[Black "Yudasin, Leonid"]
[Result "1/2-1/2"]
[WhiteElo "2590"]
[BlackElo "2595"]

1.Nf3 c5 2.c4 g6 3.d4 cxd4 4.Nxd4 f5 5.g3 Bg7 6.Bg2 Nc6 7.Nb3 b6 8.O-O Bb7
9.Nc3 Rc8 10.c5 Nf6 11.Bg5 h6 12.Bxf6 Bxf6 13.Qd2 Na5 14.Nxa5 Bxg2 15.Kxg2 bxa5
16.Nd5 Bg7 17.Rac1 g5 18.Rfd1 O-O 19.b3 f4 20.Rc4 Rf5 21.c6 Kh8 22.cxd7 Rxc4
23.bxc4 Qxd7 24.Qxa5 e6 25.Qc7 Rf7 26.Qxd7 Rxd7 27.Nc3 Rc7 28.Nb5 Rxc4 29.Rd8+ Kh7
30.Rd7 fxg3 31.hxg3 Rb4 32.Nxa7 Rb2 33.a4 Rxe2 34.a5 Ra2 35.Nc6 Kg6 36.Rb7 Bc3
37.Rb5 Be1 38.Ne5+ Kf6 39.Ng4+ Kg6 40.Ne5+ Kf6 41.Ng4+  1/2-1/2

[Event "Yerevan ol (Men)"]
[Site "Yerevan"]
[Date "1996.??.??"]
[Round "12"]
[White "Kramnik, Vladimir"]
[Black "Yudasin, Leonid"]
[Result "1/2-1/2"]
[WhiteElo "2765"]
[BlackElo "2595"]

1.Nf3 Nf6 2.c4 c5 3.Nc3 e6 4.g3 b6 5.Bg2 Bb7 6.O-O Be7 7.Re1 Ne4 8.d4 Nxc3
9.bxc3 Be4 10.Bh3 Bxf3 11.exf3 cxd4 12.cxd4 Nc6 13.Be3 O-O 14.Rc1 Rc8 15.f4 Na5
16.Qd3 g6 17.Bg2 Qc7 18.c5 d5 19.cxd6 Qxd6 20.Qa6 Qd7 21.h4 Bf6 22.Bf3 Rfd8
23.h5 Nc6 24.Qa4 Ne7 25.Rxc8 Nxc8 26.Qxd7  1/2-1/2

[Event "Yerevan ol (Men)"]
[Site "Yerevan"]
[Date "1996.??.??"]
[Round "13"]
[White "Short, Nigel D"]
[Black "Yudasin, Leonid"]
[Result "1-0"]
[WhiteElo "2695"]
[BlackElo "2595"]

1.e4 c6 2.d4 d5 3.e5 Bf5 4.Nf3 e6 5.Be2 Ne7 6.O-O Bg6 7.c3 Nd7 8.Nh4 c5 9.Nd2 Rc8
10.Nxg6 hxg6 11.Nf3 Qb6 12.Rb1 a6 13.b4 cxd4 14.cxd4 Nf5 15.g4 Nh4 16.Nxh4 Rxh4
17.b5 a5 18.Be3 f5 19.Rc1 Rb8 20.Bg5 Rh7 21.gxf5 exf5 22.Bf3 Be7 23.Qd2 Bxg5
24.Qxg5 Rh6 25.Qf4 Rd8 26.Bxd5 Nf8 27.Rc5 Nd7 28.Rc2 Nf8 29.Rc5 Nd7 30.Rc4 Qxb5
31.Bg8 Rh8 32.Qg5 Rxg8 33.Qxg6+ Ke7 34.Qd6+ Ke8 35.Qe6+ Kf8 36.Rfc1 Qb6 37.Qxf5+ Ke7
38.d5 Qh6 39.d6+ Ke8 40.e6 Nf6 41.Rc8 Qh5 42.Rxd8+ Kxd8 43.e7+ Ke8 44.Rc8+  1-0

[Event "RUS-Cup01 Chigorin mem"]
[Site "St Petersburg"]
[Date "1997.11.01"]
[Round "1"]
[White "Novgorodskij, Vladimir"]
[Black "Yudasin, Leonid"]
[Result "0-1"]
[WhiteElo "2390"]
[BlackElo "2610"]

1.e4 c5 2.Nf3 d6 3.d4 cxd4 4.Nxd4 Nf6 5.Nc3 a6 6.Bc4 e6 7.Bb3 Nbd7 8.O-O Nc5
9.Re1 b5 10.f4 Bb7 11.e5 dxe5 12.fxe5 Nfd7 13.Qg4 g6 14.Bg5 Qb6 15.Kh1 Bg7
16.Qf4 Nxb3 17.axb3 b4 18.Na4 Qc7 19.Bh6 O-O 20.Bxg7 Kxg7 21.Re3 Kg8 22.Rf1 Rae8
23.c4 f6 24.Qg3 Nxe5 25.Nf3 Bxf3 26.Rexf3 Kg7 27.Re3 Rd8 28.Qf4 a5 29.Rh3 Rf7
30.Rg3 Qc6 31.Qf2 Nd3 32.Qe2 Rfd7 33.Qf3 Qxf3 34.Rgxf3 f5  0-1

[Event "RUS-Cup01 Chigorin mem"]
[Site "St Petersburg"]
[Date "1997.11.02"]
[Round "2"]
[White "Yudasin, Leonid"]
[Black "Belozerov, Andrei"]
[Result "1-0"]
[WhiteElo "2610"]
[BlackElo "2450"]

1.e4 e5 2.Nf3 Nc6 3.Bc4 Bc5 4.c3 Nf6 5.b4 Bb6 6.d3 d6 7.a4 a5 8.b5 Ne7 9.O-O O-O
10.Nbd2 Ng6 11.Re1 Re8 12.Qb3 Re7 13.Ba3 h6 14.d4 Qe8 15.h3 Bd7 16.Qc2 Qb8
17.Bd3 Qa7 18.Nc4 Ree8 19.Nxb6 Qxb6 20.c4 Nh5 21.c5 dxc5 22.Bxc5 Qf6 23.dxe5 Nxe5
24.Nxe5 Qxe5 25.Bf1 Be6 26.Rac1 Red8 27.g3 Rd7 28.f4 Qf6 29.Qc3 Rad8 30.Qf3 g6
31.Rc3 Rd2 32.e5 Qf5 33.Bf2 c6 34.g4 Qxf4 35.gxh5 Qg5+ 36.Qg3 Qxh5 37.bxc6 bxc6
38.Rxc6 Ra2 39.Rd6 Rc8 40.Rd4 Rcc2 41.Be3 Rh2 42.Qf4 Kh7 43.Bd2 Rxh3 44.Bxh3 Qxh3
45.Qh2  1-0

[Event "RUS-Cup01 Chigorin mem"]
[Site "St Petersburg"]
[Date "1997.11.03"]
[Round "3"]
[White "Saltaev, Mihail"]
[Black "Yudasin, Leonid"]
[Result "1/2-1/2"]
[WhiteElo "2490"]
[BlackElo "2610"]

1.e4 c5 2.Nf3 d6 3.d4 cxd4 4.Nxd4 Nf6 5.Nc3 a6 6.Bc4 e6 7.a3 Nc6 8.O-O Be7
9.Kh1 O-O 10.f4 Qc7 11.Ba2 Bd7 12.Nf3 b5 13.Qe1 b4 14.axb4 Nxb4 15.Bb3 a5
16.Nd4 Qb7 17.e5 Nfd5 18.Nxd5 exd5 19.Bd2 dxe5 20.Bxb4 axb4 21.Rxa8 Qxa8
22.fxe5  1/2-1/2

[Event "RUS-Cup01 Chigorin mem"]
[Site "St Petersburg"]
[Date "1997.11.04"]
[Round "4"]
[White "Yudasin, Leonid"]
[Black "Obukhov, Alexander"]
[Result "1/2-1/2"]
[WhiteElo "2610"]
[BlackElo "2405"]

1.e4 e5 2.Nf3 Nc6 3.Bc4 Nf6 4.d3 Be7 5.O-O O-O 6.c3 d6 7.Bb3 h6 8.Re1 Nh7
9.h3 Ng5 10.Nh2 Ne6 11.Nd2 Bg5 12.Bc2 g6 13.g3 h5 14.h4 Bh6 15.Nc4 Bg7 16.Rb1 b5
17.Ne3 Ne7 18.a4 a6 19.Nf3 bxa4 20.Bxa4 Bb7 21.Bc2 a5 22.Ra1 Kh8 23.d4 exd4
24.cxd4 d5 25.e5 c5 26.dxc5 Nxc5 27.Ng2 d4 28.Nf4 Nd5 29.e6 d3 30.Nxd3 Nxe6
31.Nde5 Nb4 32.Qxd8 Raxd8 33.Bb1 Bxf3 34.Nxf3 Nc5 35.Rxa5 Nbd3  1/2-1/2

[Event "RUS-Cup01 Chigorin mem"]
[Site "St Petersburg"]
[Date "1997.11.05"]
[Round "5"]
[White "Kiriakov, Petr"]
[Black "Yudasin, Leonid"]
[Result "1/2-1/2"]
[WhiteElo "2505"]
[BlackElo "2610"]

1.d4 Nf6 2.c4 e6 3.Nc3 Bb4 4.Qc2 O-O 5.a3 Bxc3+ 6.Qxc3 b6 7.Bg5 Ba6 8.Nf3 c6
9.e3 d5 10.Ne5 dxc4 11.Bxc4  1/2-1/2

[Event "RUS-Cup01 Chigorin mem"]
[Site "St Petersburg"]
[Date "1997.11.09"]
[Round "9"]
[White "Yudasin, Leonid"]
[Black "Sveshnikov, Evgeny"]
[Result "1/2-1/2"]
[WhiteElo "2610"]
[BlackElo "2570"]

1.e4 c5 2.Nf3 Nc6 3.Bb5 e6 4.Bxc6 bxc6 5.b3 f6 6.O-O Nh6 7.d4 Nf7 8.Ba3 cxd4
9.Bxf8 Kxf8 10.Qxd4 e5 11.Qd2 d6 12.c4 g6 13.Nc3 Kg7 14.Rac1 Be6 15.Ne1 Qe7
16.Nd3 g5 17.c5 dxc5 18.Ne2 c4 19.bxc4 Nd6 20.Ng3 h5 21.Nc5 Rad8 22.Nxe6+ Qxe6
23.Qe3 h4 24.Ne2 Rd7 25.h3 Rhd8 26.f3 Nc8 27.Rc2 Rd3 28.Qc5 Rd2 29.Rfc1 Kf7
30.Kf2 R8d6 31.Qb4 Rxc2 32.Rxc2 Qd7 33.Rb2 Rd3 34.Qb8 Qd8 35.Qa8 Nb6 36.Qxa7+ Nd7
37.Nc1 Rd1 38.Nb3 Kg6 39.Ke2 Nf8 40.Rd2 Rxd2+ 41.Nxd2 Ne6 42.Qe3 Qa5 43.a3 Nd4+
44.Kf2 Qa4 45.Qc3 Qd1 46.Nf1 Qe2+ 47.Kg1 Qa2 48.Qb4 Ne2+ 49.Kh2 Qa1  1/2-1/2

[Event "Reggio Emilia9798 40th"]
[Site "Reggio Emilia"]
[Date "1997.12.27"]
[Round "2"]
[White "Belotti, Bruno"]
[Black "Yudasin, Leonid"]
[Result "0-1"]
[WhiteElo "2410"]
[BlackElo "2610"]

1.e4 c5 2.Nf3 d6 3.d4 cxd4 4.Nxd4 Nf6 5.Nc3 a6 6.a4 e6 7.Be2 b6 8.f4 Bb7
9.Bf3 Qc7 10.O-O Nc6 11.Kh1 Be7 12.e5 Nxd4 13.Bxb7 Qxb7 14.Qxd4 dxe5 15.fxe5 Nd7
16.Qg4 h5 17.Qe2 h4 18.h3 g6 19.Ne4 Rh5 20.Nd6+ Bxd6 21.exd6 Qc6 22.Bf4 e5
23.Rfd1 Kf8 24.Bh2 a5 25.Ra3 Re8 26.Rc3 Nc5 27.Re3 f6 28.Qg4 Rg5 29.Qe2 Qxa4
30.Rf3 Kg7 31.Qf2 Nd7 32.b3 Qc6 33.c4 Re6 34.Rfd3 Rh5 35.Rd5 Rh8 36.Qd2 Nc5
37.Qe3 Rd8  0-1

[Event "Reggio Emilia9798 40th"]
[Site "Reggio Emilia"]
[Date "1997.12.31"]
[Round "6"]
[White "Yudasin, Leonid"]
[Black "Mantovani, Renzo"]
[Result "1-0"]
[WhiteElo "2610"]
[BlackElo "2375"]

1.e4 c5 2.Nf3 d6 3.c3 Nf6 4.Be2 g6 5.O-O Bg7 6.Re1 O-O 7.Bf1 Bg4 8.h3 Bxf3
9.Qxf3 Nc6 10.Na3 a6 11.Nc2 b5 12.d4 cxd4 13.cxd4 Qc7 14.Bg5 h6 15.Be3 Rac8
16.Rad1 Nb8 17.Nb4 Qb7 18.Bf4 a5 19.Nd3 Nh5 20.Bd2 Bxd4 21.Bxh6 Bg7 22.Bxg7 Kxg7
23.Qe3 e5 24.Nc1 Rfd8 25.Rd5 Nc6 26.Rxb5 Qe7 27.Ne2 Nb4 28.Rd1 Nxa2 29.Rxa5 Nb4
30.Ra7 Qf6 31.Rb7 Nc2 32.Qd2 Rc6 33.g3 Qe6 34.Qd3 Nf6 35.Bg2 Rdc8 36.Nc3 Nd4
37.Nd5 Rc1 38.Re7 Qxe7 39.Nxe7 Rxd1+ 40.Qxd1 Rc1 41.Qxc1 Ne2+ 42.Kf1 Nxc1
43.b4 Na2 44.b5 Nc3 45.b6 Nd7 46.b7 Nb8 47.Nc8 Kf8 48.Nxd6 Na4 49.Nc4 Nc5
50.Nxe5 Nxb7 51.Ke2 Na6 52.Ke3 Nc7 53.Bf1 Nd6 54.h4 Kg7 55.Nc4 Nb7 56.Nb6 f6
57.Nc8 Nc5 58.Bc4 Nd7 59.Kd4 Ne5 60.f4 Nd7 61.Nd6 Kf8 62.g4 Ke7 63.Nb5 Ne8
64.Nc3 Nd6 65.Nd5+ Kf8 66.g5 fxg5 67.hxg5 Kg7 68.Ne7 Nf8 69.Kd5 Nf7 70.Bb5 Nd8
71.Bc4 Nf7 72.Nc6 Nd7 73.e5 Kf8 74.Bd3 Nb6+ 75.Kc5 Nd7+ 76.Kd4 Nh8 77.e6 Nb6
78.Ke5 Ke8 79.Kd6 Nc8+ 80.Kc5 Kf8 81.Ba6  1-0

[Event "Viking op"]
[Site "Aaland-Stockholm"]
[Date "1997.??.??"]
[Round "?"]
[White "Khropov, Boris"]
[Black "Yudasin, Leonid"]
[Result "1/2-1/2"]
[WhiteElo "2270"]
[BlackElo "2610"]

1.Nf3 c5 2.e4 e6 3.d4 cxd4 4.Nxd4 a6 5.Bd3 Bc5 6.Nb3 Be7 7.O-O d6 8.a4 b6
9.Be3 Nf6 10.N1d2 Nbd7 11.a5 b5 12.c4 Ne5 13.Qe2 bxc4 14.Nxc4 Nxc4 15.Bxc4 Bb7
16.Bb6 Qb8 17.Nd2 O-O 18.Bd3  1/2-1/2

[Event "Viking op"]
[Site "Aaland-Stockholm"]
[Date "1997.??.??"]
[Round "?"]
[White "Medvegy, Nora"]
[Black "Yudasin, Leonid"]
[Result "1/2-1/2"]
[WhiteElo "2275"]
[BlackElo "2610"]

1.e4 c5 2.Nf3 e6 3.d4 cxd4 4.Nxd4 Nc6 5.Nc3 d6 6.Be3 a6 7.Bc4 Na5 8.Bd3 Qc7
9.f4 b5 10.Qe2 Nf6 11.g4 Nc4 12.Bc1 Qb6 13.Nb3 Bb7 14.g5 Nd7 15.a4 Rc8 16.axb5 axb5
17.Nd2 Be7 18.Nxb5 Nxd2 19.Bxd2 Nc5 20.Be3 Nxd3+ 21.Qxd3 Qc6 22.Na7 Qxc2
23.Qb5+ Bc6 24.Nxc6 Qxc6 25.Qxc6+ Rxc6 26.Ra8+ Bd8 27.Kd2 Kd7 28.Rha1 h6
29.R1a7+ Rc7 30.Bb6 Rxa7 31.Rxa7+ Kc6 32.Bxd8 Rxd8 33.gxh6 gxh6 34.Rxf7 e5
35.Kc3 exf4 36.Rxf4 Re8 37.b4 Re5 38.Rh4 h5 39.Rf4 Re8 40.Kc4 Re5 41.h4 Kb6
42.Kd3 Rb5 43.Rf5 Rxb4 44.Rxh5 Kc6 45.Rh8 d5 46.e5 Re4 47.Rh6+ Kc5 48.e6 Kd6
49.h5 Rxe6 50.Rh8 Ke5 51.h6 Kf5 52.Kd4  1/2-1/2

[Event "Viking op"]
[Site "Aaland-Stockholm"]
[Date "1997.??.??"]
[Round "?"]
[White "Arakhamia, Ketevan"]
[Black "Yudasin, Leonid"]
[Result "1/2-1/2"]
[WhiteElo "2430"]
[BlackElo "2610"]

1.e4 c5 2.Nf3 d6 3.d4 cxd4 4.Nxd4 Nf6 5.Nc3 Nc6 6.Bg5 e6 7.Qd2 Be7 8.O-O-O Nxd4
9.Qxd4 O-O 10.f4 Qa5 11.Bc4 Bd7 12.Rd3 h6 13.Bh4 Rfd8 14.e5 dxe5 15.Qxe5 Qb4
16.Rg3 Kf8 17.Rxg7 Kxg7 18.Ne4 Bc6 19.Bxf6+ Bxf6 20.Qxf6+ Kg8 21.Bxe6 Bxe4
22.Qxf7+ Kh8 23.Qf6+  1/2-1/2

[Event "Viking op"]
[Site "Aaland-Stockholm"]
[Date "1997.??.??"]
[Round "?"]
[White "Ulibin, Mikhail"]
[Black "Yudasin, Leonid"]
[Result "1-0"]
[WhiteElo "2535"]
[BlackElo "2610"]

1.d4 Nf6 2.c4 e6 3.g3 c5 4.d5 exd5 5.cxd5 b5 6.Bg2 Bb7 7.e4 d6 8.f4 Nbd7
9.Nh3 g6 10.O-O Bg7 11.Re1 Nb6 12.Nc3 b4 13.e5 dxe5 14.fxe5 Nfxd5 15.Bg5 Qd7
16.Ne4 Bc6 17.Nd6+ Kf8 18.Nxf7 Re8 19.Nxh8 Bxh8 20.Qf3+ Kg8 21.Bh6 Ne7 22.Qf2 Bxg2
23.e6 Qd4 24.Be3 Qf6 25.Qxg2 Qxb2 26.Rac1 Qxg2+ 27.Kxg2 Bc3 28.Re2 Na4 29.Nf4 Rf8
30.Nh3 Nf5 31.Bg5 Re8 32.Rd1 Nd4 33.Re4 Nb2 34.Rf1 Nc4 35.Nf4 Nd2 36.Rxd4 Bxd4
37.Re1 Nc4 38.Nd5 Nd6 39.Nc7 Rc8 40.Nd5 Kg7 41.Rf1 a5 42.e7 Nf5 43.Nc7 Kf7
44.g4 Rxc7 45.gxf5 Rxe7 46.fxg6+ Ke8 47.Bxe7 Kxe7 48.Rf7+ Ke6 49.Rxh7 Kf6
50.Ra7 Kxg6 51.Rxa5 c4 52.Rb5 b3 53.axb3  1-0

[Event "Viking op"]
[Site "Aaland-Stockholm"]
[Date "1997.??.??"]
[Round "?"]
[White "Yudasin, Leonid"]
[Black "Gretarsson, Helgi Ass"]
[Result "0-1"]
[WhiteElo "2610"]
[BlackElo "2475"]

1.e4 e5 2.Nf3 d6 3.d4 Nf6 4.Nc3 Nbd7 5.Bc4 Be7 6.O-O O-O 7.a4 a5 8.Re1 c6
9.Ba2 Qc7 10.h3 exd4 11.Nxd4 g6 12.Bh6 Re8 13.Qd2 Nc5 14.Qf4 Ne6 15.Nxe6 Bxe6
16.Bxe6 fxe6 17.e5 dxe5 18.Qxe5 Qxe5 19.Rxe5 Bf8 20.Bxf8 Kxf8 21.Rd1 Ke7
22.Kf1 b6 23.Rde1 Kd6 24.Nb1 Nd7 25.R5e4 Nc5 26.Rh4 Re7 27.Na3 Kc7 28.b3 e5
29.Rd4 Rae8 30.Rd2 Nb7 31.Red1 Rf8 32.Nc4 Rf6 33.Re1 Rfe6 34.Ne3 Nd6 35.Rd3 Nb7
36.Red1 Rf6 37.Ng4 Rfe6 38.Ne3  0-1

[Event "Viking op"]
[Site "Aaland-Stockholm"]
[Date "1997.??.??"]
[Round "?"]
[White "Yudasin, Leonid"]
[Black "Chasovnikova, Eugenia"]
[Result "1-0"]
[WhiteElo "2610"]
[BlackElo "2260"]

1.e4 c6 2.d4 d5 3.e5 Bf5 4.Nf3 e6 5.a3 c5 6.c4 Ne7 7.dxc5 Nbc6 8.b4 Qc7 9.Nc3 a6
10.cxd5 exd5 11.Bf4 O-O-O 12.Bg3 Be6 13.Bd3 Ng6 14.O-O Ngxe5 15.b5 axb5 16.Nxe5 Nxe5
17.Nxb5 Qb8 18.Rc1 f6 19.c6 bxc6 20.Rxc6+ Kd7 21.Rc7+ Ke8 22.Bxe5 fxe5 23.Qh5+  1-0

[Event "Viking op"]
[Site "Aaland-Stockholm"]
[Date "1997.??.??"]
[Round "?"]
[White "Yudasin, Leonid"]
[Black "Forintos, Gyozo V"]
[Result "1-0"]
[WhiteElo "2610"]
[BlackElo "2440"]

1.e4 e5 2.Nf3 Nf6 3.Nc3 Bb4 4.Nxe5 O-O 5.Nd3 Bxc3 6.dxc3 Nxe4 7.Be2 d6 8.O-O Nd7
9.Be3 Re8 10.Re1 Ndf6 11.c4 b6 12.Nf4 Bb7 13.Bf1 Nc5 14.f3 Ne6 15.Nd5 c6
16.Nc3 a6 17.Qd2 Re7 18.Rad1 Rd7 19.Bf2 d5 20.cxd5 cxd5 21.Ne2 Ne8 22.Nd4 Nxd4
23.Qxd4 b5 24.Bd3 Nd6 25.Qg4 Rc8 26.Bd4 f5 27.Qg3 Qf8 28.Re6 Re8 29.Rde1 Rxe6
30.Rxe6 Ne8 31.Bxf5 Nc7 32.Qh3 Nxe6 33.Qxh7+ Kf7 34.Qg6+  1-0

[Event "Albena"]
[Site "Albena"]
[Date "1997.??.??"]
[Round "?"]
[White "Yudasin, Leonid"]
[Black "Georgiev, Krum"]
[Result "1-0"]
[WhiteElo "2475"]
[BlackElo "2445"]

1.e4 c5 2.Nf3 d6 3.d4 cxd4 4.Nxd4 Nf6 5.Nc3 a6 6.a4 e6 7.Be2 Be7 8.O-O Nc6
9.Be3 Bd7 10.Nb3 Na5 11.Nd2 O-O 12.f4 Rc8 13.Qe1 b5 14.Qf2 Rb8 15.axb5 axb5
16.e5 Ne8 17.Nce4 Bc6 18.b3 Bd5 19.Nc3 Bc6 20.Bd3 b4 21.Na4 dxe5 22.fxe5 Bb5
23.Nc5 Bxd3 24.Nxd3 Nc6 25.Nc4 Nc7 26.Rad1 Nd5 27.Nf4 Rb5 28.Nh5 f5 29.Nf4 Qc8
30.Nxd5 Bd6 31.exd6 g6 32.Rfe1 Qd7 33.Qe2 Re8  1-0

[Event "Chicago op"]
[Site "Chicago"]
[Date "1997.??.??"]
[Round "1"]
[White "Langreck, John"]
[Black "Yudasin, Leonid"]
[Result "0-1"]
[WhiteElo "2170"]
[BlackElo "2600"]

1.e4 c5 2.Nf3 d6 3.d4 cxd4 4.Nxd4 Nf6 5.Nc3 a6 6.Be3 e6 7.f3 b5 8.g4 Bb7
9.Qd2 Nfd7 10.O-O-O Nb6 11.Bd3 N8d7 12.h4 Ne5 13.g5 Rc8 14.h5 b4 15.Nce2 Nec4
16.Bxc4 Nxc4 17.Qd3 Qc7 18.Kb1 e5 19.Nf5 g6 20.Nh4 Nxe3 21.Qxe3 Qxc2+ 22.Ka1 Qc5
23.Qd2 Be7 24.Rc1 Qb5 25.Rxc8+ Bxc8 26.f4 Bg4 27.Ng3 exf4  0-1

[Event "Chicago op"]
[Site "Chicago"]
[Date "1997.??.??"]
[Round "4"]
[White "Yudasin, Leonid"]
[Black "Gelman, Charles L"]
[Result "1-0"]
[WhiteElo "2600"]
[BlackElo "2295"]

1.e4 e6 2.d3 d5 3.Nd2 Nf6 4.Ngf3 b6 5.c3 Ba6 6.Be2 Be7 7.O-O O-O 8.e5 Nfd7
9.Re1 c5 10.Nf1 Nc6 11.Bf4 Rb8 12.Qa4 Qc8 13.Bg3 c4 14.d4 b5 15.Qc2 b4 16.Bh4 Re8
17.Bxe7 Rxe7 18.Qd2 f6 19.exf6 Nxf6 20.Ng3 bxc3 21.bxc3 Reb7 22.Bd1 Nd8 23.Bc2 Bb5
24.Re2 Be8 25.Qc1 Qc7 26.Ng5 Qd6 27.f4 g6 28.Qe3 Rb2 29.a4 Bd7 30.h4 Qf8
31.h5 gxh5 32.f5 Ng4 33.Qf3 exf5 34.Qxd5+ Nf7 35.Qxd7 Nxg5 36.Rae1 Rd8 37.Qc6 Qd6
38.Re8+ Kf7 39.R1e7+ Qxe7 40.Rxe7+ Kxe7 41.Nxf5+ Kf7 42.Qc7+  1-0

[Event "Chicago op"]
[Site "Chicago"]
[Date "1997.??.??"]
[Round "6"]
[White "Yudasin, Leonid"]
[Black "Delaune, Richard K"]
[Result "1-0"]
[WhiteElo "2600"]
[BlackElo "2370"]

1.e4 c5 2.Nf3 Nf6 3.e5 Nd5 4.Nc3 e6 5.Ne4 f5 6.Nc3 Nxc3 7.dxc3 Nc6 8.Bb5 Qb6
9.Qe2 a6 10.Bd3 Be7 11.Rg1 h5 12.h4 Qc7 13.a4 b6 14.Bf4 Na5 15.Qe3 c4 16.Be2 Bb7
17.Nd2 g6 18.Bg5 Bxg5 19.Qxg5 Qxe5 20.Qxg6+ Ke7 21.Qg5+ Qf6 22.Qe3 e5 23.f4 e4
24.Nxc4 Nxc4 25.Bxc4 Qxh4+ 26.g3 Qf6 27.O-O-O Rac8 28.Bd5 Bxd5 29.Rxd5 Rc6
30.Rgd1 Rd8 31.Qe2 Qg6 32.Qxa6 Qxg3 33.Rxf5 Qe3+ 34.Kb1 h4 35.Qb7 Re6 36.Rfd5 Qxf4
37.Rxd7+ Rxd7 38.Rxd7+ Kf8 39.Rh7 Qf6 40.Qb8+ Re8 41.Qh2 e3 42.Rxh4 Qf1+
43.Ka2 Qc4+ 44.b3  1-0

[Event "ISR-chT"]
[Site "Israel"]
[Date "1997.??.??"]
[Round "1"]
[White "Yudasin, Leonid"]
[Black "Rechlis, Gad"]
[Result "1/2-1/2"]
[WhiteElo "2600"]
[BlackElo "2525"]

1.e4 c5 2.c3 Nf6 3.e5 Nd5 4.Nf3 Nc6 5.Bc4 Nb6 6.Bb3 d6 7.exd6 Qxd6 8.d4 cxd4
9.O-O Be6 10.Na3 Bxb3 11.axb3 a6 12.cxd4 e6 13.Nc4 Qc7 14.Bg5 Be7 15.Rc1 Qd8
16.Bxe7 Nxe7 17.Qd3 Nbd5 18.Rfd1 O-O 19.Nce5 f6 20.Nc4 Rc8 21.Re1 Rc6 22.Rcd1 Qd7
23.Na5 Rb6 24.Re4 Nb4 25.Qe2 Nbd5 26.Nc4 Rc6 27.Re1 b5 28.Ne3 Re8  1/2-1/2